书目信息 |
| 题名: |
当代哲学思潮述评
|
|
| 作者: | 李成鼎 , 尚晶晶 编译 | |
| 分册: | ||
| 出版信息: | 北京 求实出版社 1984.4 |
|
| 页数: | 551页 | |
| 开本: | 19cm | |
| 丛书名: | ||
| 单 册: | ||
| 中图分类: | B17 | |
| 科图分类: | ||
| 主题词: | 马克思主义哲学--传播--世界 , 马克思主义哲学--发展--世界 | |
| 电子资源: | ||
| ISBN: | ||
| 000 | 00807nam0 2200241 45 | |
| 001 | 0303190914 | |
| 005 | 20040508102803.3 | |
| 010 | @dCNY1.85 | |
| 091 | @a2231.122 | |
| 100 | @a20030319d1984 km y0chiy0120 ea | |
| 101 | 0 | @achi |
| 105 | @a z 000yy | |
| 200 | 1 | @a当代哲学思潮述评@ADang Dai Zhe Xue Si Chao Shu Ping@e日本学者的有关论文@ERi Ben Xue Zhe De You Guan Lun Wen@f李成鼎,尚晶晶等编译@FLi Cheng Ding,Shang Jing Jing Deng Bian Yi |
| 210 | @a北京@c求实出版社@d1984.4 | |
| 215 | @a551页@d19cm | |
| 517 | @a日本学者的有关论文@ARi Ben Xue Zhe De You Guan Lun Wen | |
| 606 | 0 | @a马克思主义哲学@x传播@x世界 |
| 606 | 0 | @a马克思主义哲学@x发展@x世界 |
| 690 | @aB17@v3 | |
| 701 | 0 | @a李成鼎@4编译 |
| 701 | 0 | @a尚晶晶@4编译 |
| 801 | @aCN@bTSTC@c20030319 | |
| 905 | @dB17@e14@f1@b119640@b119643@f1 | |
| 当代哲学思潮述评:日本学者的有关论文/李成鼎,尚晶晶等编译.-北京:求实出版社,1984.4 |
| 551页;19cm |
| ISBN :CNY1.85 |
| ● |
| 相关链接 |
|
|
|
|
正题名:当代哲学思潮述评
索取号:B17/14
 
预约/预借
| 序号 | 登录号 | 条形码 | 馆藏地/架位号 | 状态 | 备注 |
| 1 | 0119640 | 001124802 | 第一样本阅览室/ [索取号:B17/14] | 在馆 | |
| 2 | 0119641 | 001854498 | 密集书库/ [索取号:B17/14] | 在馆 | |
| 3 | 0119642 | 001854540 | 密集书库/ [索取号:B17/14] | 在馆 | |
| 4 | 0119643 | 001124795 | 密集书库/ [索取号:B17/14] | 在馆 | |
| 5 | 0119644 | 001764424 | 密集书库/ [索取号:B17/14] | 在馆 |